000
00348nam a2200145Ia 4500
008
230718s9999 xx 000 0 und d
041
_a
Eng.
082
_a
340.5491
_b
IMR-I
100
_a
imran ahsan khan nayaze
245
0
_a
instroduction of law
260
_a
Pakistan
_b
advan legal status
_c
2020
300
_a
626
650
_a
Law
999
_c
33044
_d
33044